| 000 | 00568nam a2200193Ia 4500 | ||
|---|---|---|---|
| 005 | 20250326140644.0 | ||
| 008 | 250326s9999 xx 000 0 und d | ||
| 020 | _a0-8342-1243-9 | ||
| 037 | _aTextbook | ||
| 040 |
_aFMSL _beng _cFMSL |
||
| 041 |
_aeng _2eng |
||
| 084 |
_aLobB28 P0 _qFMSL |
||
| 100 |
_aOsborn Carol E _9742786 |
||
| 245 | 0 |
_aStatistical applications for health information management _cOsborn Carol E |
|
| 260 |
_aMaryland _bMaryland, Aspen Pub. _c2000 |
||
| 300 | _axi,334 | ||
| 942 |
_cTB _hLobB28 P0 |
||
| 999 |
_c1286754 _d1286754 |
||